Gaming Quiz

Random Gaming or Letter Quiz

Scrabble Letters per Point Value Quiz Stats

Quiz not verified by Sporcle

Challenge
Share
Tweet
Embed
Score 0/8 Timer 01:00
0 Plays Today
Point Value Scrabble Letter % Correct
1A, E, I, L, N, O, R, S, T, and U
99.3%
2D and G
94.8%
10Q and Z
94.8%
3B, C, M, and P
94.1%
8J and X
94.1%
4F, H, V, W, and Y
93.5%
5K
88.9%
0Blank Tile
85.6%

You're not logged in!

Compare scores with friends on all Sporcle quizzes.
Sign Up with Email
OR
Log In

You Might Also Like...

Show Comments

Extras

Top Quizzes Today


Score Distribution

Your Account Isn't Verified!

In order to create a playlist on Sporcle, you need to verify the email address you used during registration. Go to your Sporcle Settings to finish the process.